|
|
|
|
| LEADER |
01181nam a2200277 a 4500 |
| 001 |
17287011 |
| 008 |
130226s2013 mau b 001 0 eng d |
| 010 |
|
|
|a 2012011500
|
| 020 |
|
|
|a 9781449645236 (pbk.)
|
| 020 |
|
|
|a 9781449683856
|
| 040 |
|
|
|a DLC
|c DLC
|d BD-DhAAL
|
| 082 |
0 |
0 |
|a 362.1068/8
|2 23
|
| 100 |
1 |
|
|a Resnick, Elissa.
|
| 245 |
1 |
0 |
|a Marketing public health :
|b strategies to promote social change /
|c Elissa Resnick, Michael Siegel.
|
| 250 |
|
|
|a 3rd ed.
|
| 260 |
|
|
|a Sudbury, Mass. :
|b Jones & Bartlett Learning,
|c c2013.
|
| 300 |
|
|
|a xvii, 382 p. :
|b ill.
|c 23 cm.
|
| 500 |
|
|
|a Rev. ed. of: Marketing public health / Michael Siegel, Lynne Doner Lotenberg. 2nd ed. c2007.
|
| 504 |
|
|
|a Includes bibliographical references and index.
|
| 541 |
1 |
|
|e 00026668
|
| 650 |
|
0 |
|a Public health
|x Marketing.
|
| 700 |
1 |
|
|a Siegel, Michael,
|c M.D.
|
| 700 |
1 |
|
|a Siegel, Michael,
|c M.D.
|t Marketing public health.
|
| 852 |
1 |
|
|a Ayesha Abed Library
|j General Shelf.
|
| 999 |
|
|
|c 13214
|d 13214
|
| 952 |
|
|
|0 0
|1 0
|2 ddc
|4 0
|6 362_106880000000000_RES
|7 0
|9 21994
|a JPGSPH
|b JPGSPH
|c GEN
|d 2013-02-27
|e Karim International
|g 3980.00
|l 0
|o 362.10688 RES
|p 3060026668
|r 2013-02-27
|t 1
|w 2013-02-27
|y BK
|x Koha Inventory 2020
|